[Event "45th Olympiad 2024"]
[Site "Budapest HUN"]
[Date "2024.09.12"]
[Round "2.18"]
[Board "1"]
[White "Romanov, Evgeny"]
[Black "Deac, Bogdan-Daniel"]
[Result "1/2-1/2"]
[WhiteTitle "GM"]
[BlackTitle "GM"]
[WhiteElo "2567"]
[BlackElo "2680"]
[WhiteTeam "North Macedonia"]
[BlackTeam "Romania"]
[WhiteFideId "4148843"]
[BlackFideId "1226380"]
[EventDate "2024.09.11"]

1. c4 e6 2. g3 d5 3. Bg2 Nf6 4. Nf3 d4 5. d3 Nc6 6. O-O Bc5 7. Nbd2 a5 8. Nb3
Be7 9. e3 dxe3 10. Bxe3 O-O 11. Nbd4 Bd7 12. Nb5 e5 13. h3 Qc8 14. Kh2 Rd8 15.
Qe2 Re8 16. Rfd1 h6 17. Qf1 Bf8 18. Rac1 Nb4 19. Nc3 c5 20. Nd2 Bc6 21. Nde4 Nd7
22. g4 Qd8 23. a3 Na6 24. f4 exf4 25. Bxf4 Nc7 26. Bg3 Ne6 27. Rc2 Be7 28. Rf2
Bh4 29. Nd5 Bxg3+ 30. Nxg3 Ne5 31. Nf5 Nc7 32. d4 cxd4 33. Rxd4 Nxd5 34. cxd5
Bd7 35. d6 Qb6 36. Rfd2 Ng6 37. Qf2 Re5 38. Ne3 Re6 39. Nc4 Qb5 40. a4 Qc5 41.
Rf4 Qxf2 42. Rfxf2 Ne5 43. Bxb7 Nxc4 44. Bxa8 Nxd2 45. Rxd2 Kf8 46. b4 axb4 47.
a5 Re3 48. Rb2 Ra3 49. Rxb4 g6 50. Rb8+ Kg7 51. Rd8 Rxa5 52. Bg2 Ra7 53. Bd5 Kf6
54. Kg3 Be6 55. Bxe6 Kxe6 56. Rh8 Ke5 1/2-1/2

[Event "45th Olympiad 2024"]
[Site "Budapest HUN"]
[Date "2024.09.12"]
[Round "2.70"]
[White "Shevchenko, Kirill"]
[Black "Nikolovski, Nikola"]
[Result "1-0"]
[WhiteTitle "GM"]
[BlackTitle "IM"]
[WhiteElo "2673"]
[BlackElo "2388"]
[WhiteTeam "Romania"]
[BlackTeam "North Macedonia"]
[WhiteFideId "14129574"]
[BlackFideId "15002314"]
[EventDate "2024.09.11"]

1. d4 e6 2. Nf3 f5 3. g3 Nf6 4. Bg2 Be7 5. O-O O-O 6. c4 d6 7. Nc3 a5 8. Bf4 Nh5
9. Bd2 Nd7 10. e4 f4 11. e5 dxe5 12. dxe5 g6 13. Qe2 Nc5 14. Rad1 Bd7 15. Nb5
Bc6 16. Bxa5 Qc8 17. Bb4 Rxa2 18. Nbd4 Be4 19. Bxc5 Bxf3 20. Qxf3 fxg3 21. Bxe7
Rxf3 22. Nxf3 Ra8 23. Rd8+ Qxd8 24. Bxd8 gxh2+ 25. Kxh2 Rxd8 26. Ra1 h6 27. Ra7
g5 28. Rxb7 g4 29. Nh4 Rd2 30. b4 Rxf2 31. Rxc7 Rb2 32. b5 Rb3 33. Ng6 Ng3 34.
b6 1-0

[Event "45th Olympiad 2024"]
[Site "Budapest HUN"]
[Date "2024.09.12"]
[Round "2.18"]
[Board "3"]
[White "Risteski, Emil"]
[Black "Lupulescu, Constantin"]
[Result "1/2-1/2"]
[WhiteTitle "IM"]
[BlackTitle "GM"]
[WhiteElo "2367"]
[BlackElo "2590"]
[WhiteTeam "North Macedonia"]
[BlackTeam "Romania"]
[WhiteFideId "15005267"]
[BlackFideId "1207822"]
[EventDate "2024.09.11"]

1. e4 c5 2. Nf3 d6 3. d4 cxd4 4. Nxd4 Nf6 5. Nc3 Nc6 6. Bg5 Bd7 7. Qd2 a6 8.
O-O-O e6 9. Kb1 Be7 10. Nxc6 Bxc6 11. f3 Qc7 12. h4 O-O-O 13. Ne2 h6 14. Be3 d5
15. e5 Nd7 16. f4 Bb5 17. h5 Nb6 18. Qa5 Nc4 19. Qxc7+ Kxc7 20. Bc1 Na5 21. Nd4
Bxf1 22. Rhxf1 Nc6 23. c3 Nxd4 24. cxd4 g6 25. g4 Kd7 26. f5 gxf5 27. gxf5 exf5
28. Rxf5 Ke6 29. Rdf1 Rh7 30. R5f3 Rg8 31. Rb3 b5 32. Rc3 Kd7 33. Bf4 Rc8 34.
Rxc8 Kxc8 35. Rg1 Kd7 36. Rg8 Ke6 37. Re8 f6 38. exf6 Kxf6 39. Ra8 Kf5 40. Be5
Bg5 41. Rxa6 Rb7 42. Rd6 Kg4 43. Rxd5 Kxh5 44. Rc5 Kg4 45. d5 Kf5 46. d6 Ke6 47.
Bg3 b4 48. Re5+ Kd7 49. Kc2 b3+ 50. axb3 Rb4 51. Ra5 Bf4 52. Ra7+ Kxd6 53. Bxf4+
Rxf4 54. Ra6+ Kc5 55. Rxh6 Rf2+ 56. Kb1 Kb5 57. Rh5+ Kb6 58. Ka2 Rf4 59. Ka3 Rg4
60. Rh1 Rf4 61. b4 Rf8 62. Kb3 Rg8 63. Rh6+ Kb5 64. Rh5+ Kb6 65. Ka4 Rg6 66. Rh8
Rf6 67. Rh4 Rg6 68. b5 Rg1 69. Rh6+ Kb7 70. Kb4 Rf1 71. b6 Rf4+ 72. Ka5 Rf5+ 73.
Ka4 Rf4+ 74. b4 Rf5 75. b5 Rf1 76. Rh7+ 1/2-1/2

[Event "45th Olympiad 2024"]
[Site "Budapest HUN"]
[Date "2024.09.12"]
[Round "2.18"]
[Board "4"]
[White "Parligras, Mircea-Emilian"]
[Black "Zlatkov, Anton"]
[Result "1/2-1/2"]
[WhiteTitle "GM"]
[BlackTitle "FM"]
[WhiteElo "2537"]
[BlackElo "2346"]
[WhiteTeam "Romania"]
[BlackTeam "North Macedonia"]
[WhiteFideId "1204297"]
[BlackFideId "15005402"]
[EventDate "2024.09.11"]

1. d4 Nf6 2. c4 e6 3. Nc3 Bb4 4. e3 O-O 5. Bd3 d5 6. a3 Bxc3+ 7. bxc3 dxc4 8.
Bxc4 c5 9. Nf3 Qc7 10. Be2 Nc6 11. O-O Rd8 12. c4 b6 13. Bb2 cxd4 14. exd4 Bb7
15. Re1 Qf4 16. Qc1 Qxc1 17. Raxc1 Rac8 18. Bf1 Na5 19. Nd2 Ba6 20. Rc2 Ne8 21.
Rec1 Nd6 22. d5 exd5 23. cxd5 Rxc2 24. Rxc2 Bxf1 25. Kxf1 f6 26. Rc3 Nb5 27. Rd3
Nb7 28. Ne4 Nc5 29. Nxc5 bxc5 30. a4 Nd4 31. Ba3 Rxd5 32. Bxc5 Rxc5 33. Rxd4 Rc7
34. Rd6 Kf7 35. Ra6 Ke7 36. Ke2 Kd7 37. Kd3 Kc8 38. h4 Rd7+ 39. Kc4 Re7 40. f3
Kb7 41. Rd6 Kc7 42. Ra6 Kb7 43. Rd6 Kc7 1/2-1/2

[Event "45th Olympiad 2024"]
[Site "Budapest HUN"]
[Date "2024.09.12"]
[Round "2.19"]
[Board "1"]
[White "Nguyen, Thai Dai Van"]
[Black "Amartuvshin, Ganzorig"]
[Result "1-0"]
[WhiteTitle "GM"]
[BlackTitle "IM"]
[WhiteElo "2647"]
[BlackElo "2402"]
[WhiteTeam "Czech Republic"]
[BlackTeam "Mongolia"]
[WhiteFideId "358878"]
[BlackFideId "4902548"]
[EventDate "2024.09.11"]

1. c4 Nf6 2. Nf3 e6 3. g3 d5 4. Bg2 dxc4 5. Qa4+ Nbd7 6. Qxc4 c5 7. Qb3 Bd6 8.
O-O e5 9. d3 O-O 10. a4 h6 11. a5 Nb8 12. Nfd2 Nc6 13. a6 Rb8 14. Qd1 Qd7 15.
axb7 Bxb7 16. Nc3 a6 17. Nc4 Nb4 18. Qa4 Qe6 19. Be3 Bxg2 20. Kxg2 Be7 21. f3
Nd7 22. Rfc1 f5 23. Nd2 Kh7 24. Qd1 Nb6 25. Bf2 Rfc8 26. Na4 Nxa4 27. Rxa4 Nd5
28. Nc4 f4 29. g4 Rc6 30. Rca1 h5 31. h3 Rh8 32. Na5 Rcc8 33. Nc4 Rc6 34. Qb3
Rd8 35. Qc2 Nb4 36. Qc1 Rb8 37. Na5 Rcb6 38. Nc4 Rc6 39. Na5 Rcb6 40. Qc4 Qg6
41. Rc1 Rb5 42. Qe4 Qxe4 43. fxe4 f3+ 44. Kxf3 Rf8+ 45. Kg3 Bh4+ 46. Kxh4 Rxf2
47. Nc4 Rxe2 48. Ra3 Rg2 49. gxh5 Nc6 50. Rxa6 g5+ 51. hxg6+ Rxg6 52. Rf1 Rh6+
53. Kg3 Rb7 54. Nd2 Rd7 1-0

[Event "45th Olympiad 2024"]
[Site "Budapest HUN"]
[Date "2024.09.12"]
[Round "2.19"]
[Board "2"]
[White "Chinguun, Sumiya"]
[Black "Zilka, Stepan"]
[Result "1-0"]
[WhiteTitle "FM"]
[BlackTitle "GM"]
[WhiteElo "2389"]
[BlackElo "2574"]
[WhiteTeam "Mongolia"]
[BlackTeam "Czech Republic"]
[WhiteFideId "4902572"]
[BlackFideId "315303"]
[EventDate "2024.09.11"]

1. e4 c5 2. Nf3 d6 3. d4 cxd4 4. Nxd4 Nf6 5. Nc3 a6 6. Be2 e5 7. Nf3 h6 8. a4
Be7 9. Bc4 Qc7 10. Qe2 Be6 11. Bxe6 fxe6 12. Nh4 Kf7 13. O-O g5 14. Nf3 Nc6 15.
Bxg5 hxg5 16. Nxg5+ Kg8 17. Nxe6 Qc8 18. Ng5 Nd4 19. Qd3 Qg4 20. f4 Rc8 21. Rae1
exf4 22. e5 Qxg5 23. exf6 Bxf6 24. Ne4 Qh6 25. Nxf6+ Qxf6 26. Re4 Ne6 27. Qb3 d5
28. Qxd5 Rh6 29. Rfxf4 Qd8 30. Rg4+ Kh7 31. Qf5+ Kh8 32. Qe5+ Kh7 33. Qf5+ Kh8
34. Rxe6 Qd1+ 35. Kf2 Rxc2+ 36. Kg3 Rxg2+ 37. Kxg2 Qd2+ 38. Kf1 1-0

[Event "45th Olympiad 2024"]
[Site "Budapest HUN"]
[Date "2024.09.12"]
[Round "2.19"]
[Board "3"]
[White "Krejci, Jan2"]
[Black "Baasansuren, Erdene"]
[Result "1/2-1/2"]
[WhiteTitle "GM"]
[BlackTitle "FM"]
[WhiteElo "2556"]
[BlackElo "2368"]
[WhiteTeam "Czech Republic"]
[BlackTeam "Mongolia"]
[WhiteFideId "322156"]
[BlackFideId "4902084"]
[EventDate "2024.09.11"]

1. c4 Nf6 2. Nc3 e6 3. d4 Bb4 4. Nf3 d5 5. Qa4+ Nc6 6. e3 O-O 7. Bd2 dxc4 8.
Bxc4 Bd6 9. Qc2 e5 10. dxe5 Nxe5 11. Be2 Qe7 12. Ng5 g6 13. h3 h6 14. Nf3 Bf5
15. e4 Nxe4 16. Nxe4 Nc6 17. Bd3 Bxe4 18. Bxe4 Rfe8 19. O-O-O Qxe4 20. Qxe4 Rxe4
21. Bxh6 Bc5 22. Rd2 Rae8 23. Bg5 Re2 24. Rf1 Rxd2 25. Kxd2 Nd4 26. Nxd4 Bxd4
27. Kd3 c5 28. b4 Kg7 29. a4 f6 30. bxc5 Bxc5 31. Rc1 Rd8+ 32. Ke2 Re8+ 33. Kf3
Re5 34. Bf4 Rd5 35. Rc4 Kf7 36. h4 b6 37. g4 g5 38. hxg5 fxg5 39. Bc1 Kg6 40.
Ke4 Rd7 41. Be3 Re7+ 42. Kd3 Rd7+ 43. Ke4 Re7+ 44. Kd3 Rd7+ 45. Kc3 Rd5 46. Bxc5
bxc5 47. Re4 Kf6 48. Kc4 Re5 49. Re3 Ke6 50. a5 Kd6 51. a6 Rd5 52. Re4 Rd1 53.
f4 1/2-1/2

[Event "45th Olympiad 2024"]
[Site "Budapest HUN"]
[Date "2024.09.12"]
[Round "2.19"]
[Board "4"]
[White "Munkhdalai, Amilal"]
[Black "Vykouk, Jan"]
[Result "1/2-1/2"]
[WhiteTitle "IM"]
[BlackTitle "IM"]
[WhiteElo "2374"]
[BlackElo "2483"]
[WhiteTeam "Mongolia"]
[BlackTeam "Czech Republic"]
[WhiteFideId "4903250"]
[BlackFideId "349658"]
[EventDate "2024.09.11"]

1. e4 c5 2. Nf3 d6 3. Bb5+ Nd7 4. O-O Nf6 5. Re1 a6 6. Bd3 Qc7 7. c3 b5 8. Bc2
Bb7 9. d3 e6 10. Nbd2 Be7 11. Nf1 Rc8 12. Ng3 O-O 13. Bd2 Rfd8 14. Rc1 Qb8 15.
d4 cxd4 16. cxd4 Qa8 17. Qe2 d5 18. e5 Ne4 19. Nxe4 dxe4 20. Bxe4 Bxe4 21. Qxe4
Qxe4 22. Rxe4 Rxc1+ 23. Bxc1 Rc8 24. Re1 Rc2 25. Rd1 Nb6 26. Ne1 Rc4 27. b3 Rc8
28. Bd2 Nd5 29. Kf1 Ba3 30. Rb1 Kf8 31. Ke2 Ke8 32. Kd1 a5 33. Nc2 Be7 34. Rc1
Ra8 35. Ne3 Nf4 36. Rc2 a4 37. g3 axb3 38. axb3 Nh3 39. Ke2 Ng1+ 40. Kd3 Ra3 41.
Rb2 Nf3 42. h4 f6 43. exf6 Bxf6 44. Bc3 Ra1 45. Ke4 Ng1 46. Rc2 Ra3 47. d5 Bxc3
48. Rxc3 exd5+ 49. Nxd5 Ra2 1/2-1/2

[Event "45th Olympiad 2024"]
[Site "Budapest HUN"]
[Date "2024.09.12"]
[Round "2.20"]
[Board "1"]
[White "Murphy, Conor E"]
[Black "Rodshtein, Maxim"]
[Result "0-1"]
[WhiteTitle "IM"]
[BlackTitle "GM"]
[WhiteElo "2453"]
[BlackElo "2600"]
[WhiteTeam "Ireland"]
[BlackTeam "Israel"]
[WhiteFideId "421669"]
[BlackFideId "2806851"]
[EventDate "2024.09.11"]

1. e4 c5 2. Nf3 d6 3. d4 cxd4 4. Nxd4 Nf6 5. Nc3 a6 6. Rg1 e5 7. Nb3 h5 8. Bg5
Be6 9. Qd3 Nbd7 10. O-O-O Be7 11. g3 Rc8 12. f4 Qc7 13. Kb1 b5 14. Bxf6 Nxf6 15.
Nd5 Nxd5 16. exd5 Bg4 17. Be2 Bf6 18. Rge1 Kf8 19. fxe5 Bxe5 20. Rd2 Bd7 21. Nd4
Re8 22. Bf3 g6 23. Nc6 Kg7 24. Rde2 Bf6 25. Rxe8 Rxe8 26. Rxe8 Bxe8 27. Qe3 Qc8
28. a3 Qh3 29. Qe2 Bd7 30. Ka2 Qf5 31. Nb8 Bc8 32. Nc6 h4 33. g4 Qf4 34. h3 Qg3
35. Bg2 Bg5 36. c3 Be3 37. Bf1 Qf4 38. Bg2 Bd7 39. Nb4 Bc8 40. Nd3 Qg5 41. Nb4
Qf4 42. Nd3 Qg3 43. Bf3 Bg5 44. Bg2 f5 45. gxf5 Bxf5 46. Nb4 Bxh3 47. Bxh3 Qxh3
48. Nxa6 Qc8 49. Qg2 Bf6 50. Nb4 h3 51. Qf3 h2 0-1

[Event "45th Olympiad 2024"]
[Site "Budapest HUN"]
[Date "2024.09.12"]
[Round "2.20"]
[Board "3"]
[White "O'Gorman, Tom"]
[Black "Nabaty, Tamir"]
[Result "1-0"]
[WhiteTitle "FM"]
[BlackTitle "GM"]
[WhiteElo "2353"]
[BlackElo "2630"]
[WhiteTeam "Ireland"]
[BlackTeam "Israel"]
[WhiteFideId "2508249"]
[BlackFideId "2809052"]
[EventDate "2024.09.11"]

1. e4 e5 2. Nf3 Nc6 3. Bb5 Bc5 4. c3 Nf6 5. d4 exd4 6. e5 Nd5 7. O-O Be7 8. cxd4
d6 9. Nc3 Nxc3 10. bxc3 O-O 11. h3 dxe5 12. Bxc6 bxc6 13. Nxe5 Bf6 14. Qa4 Bxe5
15. dxe5 Qd5 16. Be3 c5 17. Rfd1 Qxe5 18. Qc6 Be6 19. Qxc5 Qxc5 20. Bxc5 Rfb8
21. Rab1 a5 22. a3 h6 23. Be3 Kh7 24. Bf4 Rc8 25. Rb5 c6 26. Rc5 a4 27. Rd4 Ra6
28. f3 Re8 29. Kf2 Bd5 30. Rb4 Bb3 31. Rb7 Raa8 32. Rd7 Re6 33. Rxf7 Rae8 34.
Rc7 Re2+ 35. Kg3 Bd5 36. c4 Rc2 37. Ra5 Bxc4 38. Raa7 Rg8 39. Rxc6 Re8 40. Bxh6
Re6 41. Rxe6 1-0

[Event "45th Olympiad 2024"]
[Site "Budapest HUN"]
[Date "2024.09.12"]
[Round "2.21"]
[Board "1"]
[White "Le, Quang Liem"]
[Black "Mohammad Fahad, Rahman"]
[Result "1-0"]
[WhiteTitle "GM"]
[BlackTitle "IM"]
[WhiteElo "2741"]
[BlackElo "2419"]
[WhiteTeam "Vietnam"]
[BlackTeam "Bangladesh"]
[WhiteFideId "12401137"]
[BlackFideId "10207791"]
[EventDate "2024.09.11"]

1. c4 e6 2. Nf3 d5 3. e3 Nf6 4. Nc3 c6 5. b3 Bd6 6. Bb2 O-O 7. Be2 b6 8. Qc2 Bb7
9. Rg1 e5 10. g4 Na6 11. g5 Nd7 12. a3 Rc8 13. h4 e4 14. Nd4 Ne5 15. f4 exf3 16.
Nxf3 Nxf3+ 17. Bxf3 Qe7 18. h5 Rfd8 19. Bg4 Rc7 20. Bf5 d4 21. Ne4 Be5 22. O-O-O
Kh8 23. h6 g6 24. exd4 Rxd4 25. Rge1 c5 26. Nf6 Bf3 27. Bg4 Bxd1 28. Kxd1 Nb8
29. Bxd4 cxd4 30. Qe4 Bxf6 31. gxf6 Qf8 32. Qf4 Rc5 33. Re7 Nc6 34. Qe4 1-0

[Event "45th Olympiad 2024"]
[Site "Budapest HUN"]
[Date "2024.09.12"]
[Round "2.21"]
[Board "2"]
[White "Manon, Reja Neer"]
[Black "Le, Tuan Minh"]
[Result "0-1"]
[WhiteTitle "FM"]
[BlackTitle "GM"]
[WhiteElo "2417"]
[BlackElo "2564"]
[WhiteTeam "Bangladesh"]
[BlackTeam "Vietnam"]
[WhiteFideId "10224009"]
[BlackFideId "12401153"]
[EventDate "2024.09.11"]

1. e4 c5 2. Nf3 e6 3. d4 cxd4 4. Nxd4 Nf6 5. Nc3 Nc6 6. Bf4 Bc5 7. Ndb5 O-O 8.
Be2 a6 9. Bc7 Qe7 10. Bd6 Bxd6 11. Nxd6 Ne8 12. Nxe8 Rxe8 13. O-O Qb4 14. Rb1 b5
15. Qd2 Qd4 16. Rbd1 Qxd2 17. Rxd2 Ra7 18. a4 b4 19. Nd1 Na5 20. Ne3 Kf8 21.
Rfd1 Ke7 22. Rd6 b3 23. c3 Nb7 24. R6d4 Nc5 25. Nc4 Rc7 26. Nd6 Rf8 27. Rc4 Kd8
28. e5 f6 29. f4 a5 30. Rd2 Nb7 31. Nb5 Rxc4 32. Bxc4 fxe5 33. fxe5 Nc5 34. Nd4
Kc7 35. Nxb3 Rf4 36. Nxa5 Kb6 37. g3 Re4 38. b4 Re1+ 39. Bf1 Nxa4 40. Kf2 Rc1
41. c4 Rb1 42. c5+ Ka7 43. c6 Nb6 44. b5 Kb8 45. Nc4 Rxf1+ 46. Kxf1 Nxc4 47. Rf2
Nxe5 48. Rf8 dxc6 49. bxc6 g6 50. Rg8 h5 51. Ke2 Kc7 52. Ke3 Ng4+ 53. Kd2 Nxh2
54. Rxg6 Kxc6 55. Ke3 Ng4+ 56. Kf4 Kd5 57. Kg5 e5 58. Rg8 Be6 59. Rd8+ Kc5 60.
Kxh5 e4 61. Kg5 e3 62. Rd1 Nf2 63. Ra1 Nd3 64. Kf6 Bh3 65. Ra2 Bg4 66. Kg5 e2 0-1

[Event "45th Olympiad 2024"]
[Site "Budapest HUN"]
[Date "2024.09.12"]
[Round "2.21"]
[Board "3"]
[White "Tran, Tuan Minh"]
[Black "Hossain, Enamul"]
[Result "1-0"]
[WhiteTitle "GM"]
[BlackTitle "GM"]
[WhiteElo "2434"]
[BlackElo "2354"]
[WhiteTeam "Vietnam"]
[BlackTeam "Bangladesh"]
[WhiteFideId "12401820"]
[BlackFideId "10200649"]
[EventDate "2024.09.11"]

1. c4 e6 2. Nc3 d5 3. d4 a6 4. Nf3 Nf6 5. c5 b6 6. cxb6 c5 7. Bf4 Bd6 8. Bxd6
Qxd6 9. dxc5 Qxc5 10. Rc1 Nbd7 11. e4 dxe4 12. Nxe4 Qb4+ 13. Ned2 O-O 14. a3
Qxb6 15. Nc4 Qb8 16. Be2 Nb6 17. Na5 Nbd5 18. b4 Bb7 19. O-O Nf4 20. Nxb7 Qxb7
21. Bc4 Rfd8 22. Qb3 Ng4 23. Rfe1 Rd2 24. Bf1 Rxf2 25. Qc4 g5 26. Re4 Qb8 27.
Qc7 Qxc7 28. Rxc7 Rd8 29. Re1 Ra2 30. h3 Nh6 31. Nxg5 Rdd2 32. Re4 Nxg2 33. Nxe6
fxe6 34. Rxe6 Nf7 35. Re8+ Kg7 36. Ree7 Nh4 37. Rxf7+ Kg8 38. Rf4 Ng6 39. Re4
Rf2 40. Re8+ 1-0

[Event "45th Olympiad 2024"]
[Site "Budapest HUN"]
[Date "2024.09.12"]
[Round "2.21"]
[Board "4"]
[White "Murshed, Niaz"]
[Black "Banh Gia Huy"]
[Result "1/2-1/2"]
[WhiteTitle "GM"]
[BlackTitle "FM"]
[WhiteElo "2318"]
[BlackElo "2425"]
[WhiteTeam "Bangladesh"]
[BlackTeam "Vietnam"]
[WhiteFideId "10200010"]
[BlackFideId "12424714"]
[EventDate "2024.09.11"]

1. Nf3 Nf6 2. c4 g6 3. g3 Bg7 4. Bg2 O-O 5. O-O d6 6. Nc3 c5 7. d4 Nc6 8. dxc5
dxc5 9. Be3 Be6 10. Ng5 Qxd1 11. Rfxd1 Bxc4 12. Bxc5 Rfd8 13. Kf1 h6 14. Nge4
Nxe4 15. Bxe4 Bxc3 16. bxc3 Rxd1+ 17. Rxd1 Bxa2 18. Bxc6 bxc6 19. Ra1 Bc4 20.
Rxa7 Rxa7 21. Bxa7 f5 22. f4 Kf7 23. Kf2 Ke6 24. Bc5 Bb5 25. h4 h5 26. e3 Bd3
27. Bd4 Kd5 28. Be5 Ke4 29. Bd4 Bc4 30. Be5 1/2-1/2

[Event "45th Olympiad 2024"]
[Site "Budapest HUN"]
[Date "2024.09.12"]
[Round "2.22"]
[Board "1"]
[White "Ziska, Helgi Dam"]
[Black "Yilmaz, Mustafa"]
[Result "1-0"]
[WhiteTitle "GM"]
[BlackTitle "GM"]
[WhiteElo "2553"]
[BlackElo "2587"]
[WhiteTeam "Faroe Islands"]
[BlackTeam "Turkiye"]
[WhiteFideId "7200595"]
[BlackFideId "6302718"]
[EventDate "2024.09.11"]

1. e4 c5 2. Nf3 d6 3. d4 cxd4 4. Nxd4 Nf6 5. Nc3 a6 6. a3 e5 7. Nf5 d5 8. Bg5 d4
9. Bxf6 Qxf6 10. Nd5 Qc6 11. c4 Nd7 12. b4 g6 13. Nxd4 exd4 14. Qxd4 f6 15. c5
Kf7 16. Bc4 Kg7 17. O-O Nxc5 18. bxc5 Bxc5 19. Qb2 Rf8 20. e5 fxe5 21. Qxe5+ Kh6
22. Rae1 Bf5 23. h4 Rae8 24. Qb2 Bxf2+ 25. Qxf2 Qxc4 26. Qd2+ Kg7 27. Qb2+ Kh6
28. Qd2+ Kg7 29. h5 Qc5+ 30. Kh1 Rd8 31. h6+ Kg8 32. Qb2 Rf7 33. Nf6+ Rxf6 34.
Qxf6 Qf8 35. Qxf8+ Rxf8 36. Re7 Rb8 37. Kg1 b5 38. g4 Bd3 39. Rd1 Bc2 40. Rd2
Bb1 41. Re1 1-0

[Event "45th Olympiad 2024"]
[Site "Budapest HUN"]
[Date "2024.09.12"]
[Round "2.22"]
[Board "2"]
[White "Gurel, Ediz"]
[Black "Nielsen, Hogni Egilstoft"]
[Result "1-0"]
[WhiteTitle "GM"]
[BlackTitle "FM"]
[WhiteElo "2602"]
[BlackElo "2379"]
[WhiteTeam "Turkiye"]
[BlackTeam "Faroe Islands"]
[WhiteFideId "44507356"]
[BlackFideId "7200404"]
[EventDate "2024.09.11"]

1. e4 e5 2. Nf3 Nc6 3. Bc4 Nf6 4. Ng5 d5 5. exd5 Na5 6. Bb5+ c6 7. dxc6 bxc6 8.
Bd3 Nd5 9. Nf3 Nf4 10. Bf1 Bd6 11. d4 e4 12. Ne5 Ng6 13. Nc3 Qe7 14. Nxe4 Bxe5
15. dxe5 Qxe5 16. Qe2 O-O 17. Nc3 Qc7 18. Be3 Be6 19. Qh5 Rad8 20. b3 f5 21. Bd3
Qe5 22. Kd2 Nf4 23. Qf3 Nxd3 24. cxd3 f4 25. Bxa7 Bf5 26. Rhe1 Qf6 27. d4 Rd7
28. Bb6 Nb7 29. Ke2 c5 30. Na4 Rxd4 31. Kf1 Rxa4 32. bxa4 Qxb6 33. Qd5+ Kh8 34.
Qxf5 1-0

[Event "45th Olympiad 2024"]
[Site "Budapest HUN"]
[Date "2024.09.12"]
[Round "2.22"]
[Board "3"]
[White "Egilstoft, Rogvi"]
[Black "Erdogmus, Yagiz Kaan"]
[Result "0-1"]
[WhiteTitle "FM"]
[BlackTitle "GM"]
[WhiteElo "2278"]
[BlackElo "2592"]
[WhiteTeam "Faroe Islands"]
[BlackTeam "Turkiye"]
[WhiteFideId "7200447"]
[BlackFideId "44599790"]
[EventDate "2024.09.11"]

1. e4 e5 2. Nf3 Nc6 3. Bc4 Bc5 4. c3 Nf6 5. d3 d6 6. h3 O-O 7. O-O a5 8. d4 Ba7
9. Re1 h6 10. Be3 Re8 11. dxe5 Nxe5 12. Nxe5 dxe5 13. Bxa7 Rxa7 14. Qxd8 Rxd8
15. Na3 c6 16. Rad1 Re8 17. Nc2 b5 18. Bf1 Be6 19. Rd6 Rc8 20. a3 Kf8 21. f3 Ke7
22. Rd2 Rd7 23. Rxd7+ Nxd7 24. Ne3 Ra8 25. Rc1 Bb3 26. Bd3 g6 27. Kf2 h5 28. Nf1
Nc5 29. Be2 Rd8 30. c4 bxc4 31. Bxc4 Bxc4 32. Rxc4 Nd3+ 33. Ke2 Nf4+ 34. Kf2 Rb8
35. b4 axb4 36. axb4 Rxb4 37. Rxb4 Nd3+ 38. Ke3 Nxb4 39. f4 Kf6 40. g3 Ke6 41.
Nd2 c5 42. Nf3 f6 43. Nh4 Kf7 44. Kd2 exf4 45. gxf4 g5 46. fxg5 fxg5 47. Nf3 Kf6 0-1

[Event "45th Olympiad 2024"]
[Site "Budapest HUN"]
[Date "2024.09.12"]
[Round "2.22"]
[Board "4"]
[White "Can, Emre"]
[Black "Apol, Luitjen Akselsson"]
[Result "1-0"]
[WhiteTitle "GM"]
[WhiteElo "2547"]
[BlackElo "2219"]
[WhiteTeam "Turkiye"]
[BlackTeam "Faroe Islands"]
[WhiteFideId "6302181"]
[BlackFideId "7202466"]
[EventDate "2024.09.11"]

1. e4 c5 2. Nf3 d6 3. d4 cxd4 4. Nxd4 Nf6 5. Nc3 a6 6. Be3 e5 7. Nb3 Be6 8. f3
Nbd7 9. g4 b5 10. a4 b4 11. Nd5 Bxd5 12. exd5 Nb6 13. Bg1 h6 14. f4 Be7 15. a5
Nbd7 16. Qf3 exf4 17. O-O-O Ne5 18. Qxf4 Nfxg4 19. Qxb4 O-O 20. Bb6 Qd7 21. h3
Bg5+ 22. Kb1 Ne3 23. h4 Qf5 24. Bxe3 Bxe3 25. Qxd6 Rfc8 26. Rh2 Rd8 27. Qb4 Rab8
28. Qa4 Nf3 29. Re2 Rxb3 30. Qxb3 Nd2+ 31. Rexd2 Bxd2 32. Qd3 Rxd5 33. Qxf5 Rxf5
34. c3 g5 35. Bd3 Rf2 36. hxg5 hxg5 37. Bxa6 g4 38. Rxd2 Rxd2 39. Bb7 Rd1+ 40.
Ka2 Re1 41. a6 Re5 42. b4 Re2+ 43. Kb3 1-0

[Event "45th Olympiad 2024"]
[Site "Budapest HUN"]
[Date "2024.09.12"]
[Round "2.23"]
[Board "1"]
[White "Theodorou, Nikolas"]
[Black "Gascon Del Nogal, Jose Rafael"]
[Result "1/2-1/2"]
[WhiteTitle "GM"]
[BlackTitle "GM"]
[WhiteElo "2619"]
[BlackElo "2454"]
[WhiteTeam "Greece"]
[BlackTeam "Venezuela"]
[WhiteFideId "4262875"]
[BlackFideId "3902463"]
[EventDate "2024.09.11"]

1. e4 c5 2. Nf3 Nc6 3. Bb5 e6 4. Bxc6 bxc6 5. b3 d6 6. e5 dxe5 7. Nxe5 Qg5 8.
Nf3 Qxg2 9. Rg1 Qh3 10. Nc3 f6 11. Ba3 e5 12. Qe2 Bg4 13. Rg3 Qh5 14. O-O-O Nh6
15. Ne4 a5 16. Qc4 Qf7 17. Qa4 Qd5 18. Re1 Be7 19. h3 Bh5 20. c4 Qe6 21. Nh4 g5
22. Ng2 Nf5 23. Rd3 Nd4 24. Bxc5 O-O 25. Bxd4 exd4 26. Ng3 Qxh3 27. Rxe7 Bg6 28.
Ne1 Rae8 29. Rxe8 Rxe8 30. Rxd4 Rxe1+ 31. Kb2 Qg2 32. Qxa5 1/2-1/2

[Event "45th Olympiad 2024"]
[Site "Budapest HUN"]
[Date "2024.09.12"]
[Round "2.23"]
[Board "2"]
[White "Ynojosa Aponte, Felix Jose"]
[Black "Kourkoulos-Arditis, Stamatis"]
[Result "0-1"]
[WhiteTitle "IM"]
[BlackTitle "GM"]
[WhiteElo "2398"]
[BlackElo "2570"]
[WhiteTeam "Venezuela"]
[BlackTeam "Greece"]
[WhiteFideId "3900258"]
[BlackFideId "4221990"]
[EventDate "2024.09.11"]

1. c4 Nf6 2. Nf3 g6 3. d4 Bg7 4. Nc3 O-O 5. e4 d6 6. Be2 e5 7. dxe5 dxe5 8. O-O
Nbd7 9. Qc2 c6 10. Rd1 Qe7 11. h3 Nh5 12. Rb1 Nc5 13. b4 Ne6 14. Be3 Nhf4 15.
Bf1 Qf6 16. Ne1 a5 17. Qa4 Nd4 18. bxa5 Nfe6 19. Nd3 Re8 20. Nd5 Qh4 21. Bxd4
exd4 22. Nb6 Ra7 23. Re1 Qg5 24. e5 Qd2 25. Rb2 Qxa5 26. Qxa5 Rxa5 27. g3 Ng5
28. Ra1 Bf5 29. f4 Ne6 30. Nc1 h5 31. Nb3 Ra7 32. c5 f6 33. Nc4 fxe5 34. fxe5 d3
35. Rd1 Ng5 36. Bxd3 Nf3+ 37. Kf2 Nxe5 38. Nxe5 Rxe5 39. Rc2 Bxh3 40. Bxg6 Ra8
41. Bd3 Rg5 42. Rg1 Be5 43. Be4 Rf8+ 44. Ke2 Bxg3 45. Nd4 h4 46. Kd3 Rd8 0-1